Fluid mechanics and hydraulics/ (Record no. 14838)
[ view plain ]
| 000 -LEADER | |
|---|---|
| fixed length control field | 00326cam a2200133ua 4500 |
| 020 ## - INTERNATIONAL STANDARD BOOK NUMBER | |
| ISBN | 8120004221 |
| 082 ## - DEWEY DECIMAL CLASSIFICATION NUMBER | |
| Classification number | 532 |
| Item number | JAG/FL |
| 100 ## - MAIN ENTRY--AUTHOR NAME | |
| Personal name | Jagdish, Lal. |
| 245 ## - TITLE STATEMENT | |
| Title | Fluid mechanics and hydraulics/ |
| 250 ## - EDITION STATEMENT | |
| Edition statement | 9 |
| 260 ## - PUBLICATION, DISTRIBUTION, ETC. (IMPRINT) | |
| Place of publication | New Delhi : |
| Name of publisher | Metropolitan Book Co.private Ltd , |
| Year of publication | 2014 |
| 300 ## - PHYSICAL DESCRIPTION | |
| Number of Pages | 1048p |
| 942 ## - ADDED ENTRY ELEMENTS (KOHA) | |
| Koha item type | Books |
| Withdrawn status | Lost status | Damaged status | Collection code | Home library | Current library | Shelving location | Date acquired | Source of acquisition | Cost, normal purchase price | Full call number | Accession Number | Koha item type |
|---|---|---|---|---|---|---|---|---|---|---|---|---|
| KAUAET | KAUAET | General Stacks | 30/03/2017 | Neoti book Agency | 380.00 | 532 JAG/FL | 25273 | Books | ||||
| KAUAET | KAUAET | General Stacks | 30/03/2017 | Neoti book Agency | 380.00 | 532 JAG/FL | 25274 | Books | ||||
| KAUAET | KAUAET | General Stacks | 30/03/2017 | Neoti book Agency | 380.00 | 532 JAG/FL | 25275 | Books |
